LEADER 03291nam 22004935 450 001 9910254766803321 005 20251030100505.0 010 $a9781137551276 010 $a1137551275 024 7 $a10.1057/978-1-137-55127-6 035 $a(CKB)3710000001124077 035 $a(DE-He213)978-1-137-55127-6 035 $a(MiAaPQ)EBC4829870 035 $a(PPN)270731016 035 $a(Perlego)3498920 035 $a(MiAaPQ)EBC29091071 035 $a(EXLCZ)993710000001124077 100 $a20170324d2017 u| 0 101 0 $aeng 135 $aurnn|008mamaa 181 $ctxt$2rdacontent 182 $cc$2rdamedia 183 $acr$2rdacarrier 200 10$aRoyal Heirs in Imperial Germany $eThe Future of Monarchy in Nineteenth-Century Bavaria, Saxony and Württemberg /$fby Frank Lorenz Müller 205 $a1st ed. 2017. 210 1$aLondon :$cPalgrave Macmillan UK :$cImprint: Palgrave Pivot,$d2017. 215 $a1 online resource (XII, 257 p. 8 illus., 6 illus. in color.) 225 1 $aPalgrave Studies in Modern Monarchy,$x2947-5872 311 08$a9781137551269 311 08$a1137551267 320 $aIncludes bibliographical references and index. 327 $aList of Illustrations -- Acknowledgements -- 1. Introduction -- 2. Symptoms of the ?unnaturalness of an institution?? Trials and tribulations on the way to the throne -- 3. ?The love of the people ? needs to be acquired.? Competence and the paths of monarchical persuasion -- 4. "I and my house feel at one with my people!? Telling the tale of a popular tribal monarchy -- 5. ?We do not want to be regarded as lesser brothers? Royal heirs in the German Reich and the challenges of particularism -- 6. ?My government will ?? Variations on a future theme -- 7. Conclusion -- Bibliography. 330 $aThis book explores the development and viability of Germany?s sub-national monarchies in the decades before their sudden demise in 1918. It does so by focusing on the men who turned out to be the last ones to inherit the crowns of the country?s three smaller kingdoms: Prince Ludwig of Bavaria, Prince Friedrich August of Saxony and Prince Wilhelm of Württemberg. Imperial Germany was not a monolithic block, but a motley federation of more than twenty allied regional monarchies, headed by the Kaiser. When the German Reich became a republic at the end of the First World War, all of these kings, grand dukes, dukes and princes were swept away within a fortnight. By examining the lives, experiences and functions of these three men as heirs to the throne during the decades when they prepared themselves for their predestined role as king, this study investigates what the future of the German model of constitutional monarchy looked like before it was so abruptly discarded. 410 0$aPalgrave Studies in Modern Monarchy,$x2947-5872 606 $aEurope, Central$xHistory 606 $aHistory of Germany and Central Europe 615 0$aEurope, Central$xHistory. 615 14$aHistory of Germany and Central Europe. 676 $a943 700 $aMüller$b Frank Lorenz$4aut$4http://id.loc.gov/vocabulary/relators/aut$0994042 906 $aBOOK 912 $a9910254766803321 996 $aRoyal Heirs in Imperial Germany$92276603 997 $aUNINA